000 01465nmc a2200457 a 4500
003 AR-BaBNM
005 20251128205131.0
008 011101s1996 ||||||||||||||000 | spa||
020 _a950-12-6114-X
040 _cAR-BaBNM
245 1 0 _aMuseos y escuelas
_bsocios para educar
250 _a1ª ed.
260 _aBuenos Aires
_bPaidós
_c1996
300 0 _a350 p.
_bil.
490 0 _aCuestiones de educación
_vv. 14
504 _aBibliografía al final de cada capítulo
650 4 _aMUSEOS ESCOLARES
650 4 _aMUSEOS NACIONALES
650 4 _aCOLECCIONES DE MUSEOS
650 4 _aACTIVIDADES DE LOS MUSEOS
650 4 _aACTIVIDADES CULTURALES
650 4 _aACTIVIDADES EN GRUPO
650 4 _aACTIVIDADES INTEGRADAS
653 0 _aVISITAS GUIADAS
700 1 _aAlderoqui, Silvia S.
_ecompilador
700 1 _aAlderoqui, Helena
_ecolaborador
700 1 _aAlderoqui de Pinus, Diana
_ecolaborador
700 1 _aCalvo, Silvia Liliana
_ecolaborador
700 1 _aAcosta, Alejandro A.
_ecolaborador
700 1 _aCruz, Isabel
_ecolaborador
700 1 _aFernández, Pablo
_ecolaborador
700 1 _aOlivera, Daniel E.
_ecolaborador
700 1 _aPenchansky, Pompi
_ecolaborador
700 1 _aTessari, Diana
_ecolaborador
700 1 _aGonzález, Adriana A.
_ecolaborador
700 1 _aLlambías, Enrique
_ecolaborador
800 1 _aDelgadillo, María Carmen
800 1 _aAlen, Beatriz
_edirector
942 _cBK
998 _cCarmen
999 _c10127
_d10127